Score 0/57 Timer 07:00
0 Plays Today
hint answer % Correct
Actor LaBeouf ('Transformers' 'Disturbia')SHIA
71.4%
__ Tzu (toy dog)SHIH
61.5%
Half: pref.SEMI
60.7%
Noah's firstborn - brother of Ham & JaphethSHEM
53.6%
Brother of Cain and AbelSETH
50%
French for sevenSEPT
50%
American author-illustrator SilversteinSHEL
50%
Toots __, Manhattan restaurateurSHOR
50%
Former CNN anchor BernardSHAW
50%
'Buona __' (good evening, in Italian)SERA
46.4%
'Melrose Place' actor AndrewSHUE
46.4%
Pillow coverSHAM
46.4%
Grammy-winning reggae artist __ PaulSEAN
42.9%
Utah's state flower - lilySEGO
35.7%
Irish short story writer O'FaolainSEAN
35.7%
Like some Spanish wine; dry, in SpainSECO
35.7%
Clockmaker __ ThomasSETH
32.1%
German for verySEHR
32.1%
Former president of Facebook and co-founder of Napster, __ ParkerSEAN
32.1%
One-horse carriageSHAY
32.1%
Woman's magazineSELF
28.6%
Blood fluid: pref.SERO
28.6%
Tunisian portSFAX
28.6%
SynagogueSHUL
28.6%
Central Asian mountain range, Tien __SHAN
28.6%
__ Jahan (Taj Mahal builder)SHAH
28.6%
Coarse tobaccoSHAG
26.9%
Son of Ramses ISETI
25%
Clan unitSEPT
25%
hint answer % Correct
Oliver Wendell Holmes poem 'Wonderful One-Hoss __'SHAY
25%
American playwright Irwin ('The Young Lions' 'Rich Man, Poor Man')SHAW
25%
Hindu title of respect: var.SHRI
25%
Popular '30's danceSHAG
25%
Mr. Pecksniff of Dickens's 'Martin Chuzzlewit'SETH
21.4%
Spanish muralist Jose Maria __SERT
21.4%
Zaire's president Mobuto __ SekoSESE
21.4%
Revolutionary War commander __ WarnerSETH
17.9%
Spanish architect Jose Luis __ (Harvard Science Center)SERT
17.9%
Rectangular paving stoneSETT
17.9%
Evenings, in Italy SERE
17.9%
Pas __ (dance solo); French for aloneSEUL
17.9%
Hebrew letterSHIN
17.9%
Persian tigerSHER
15.4%
Sequence of stages, in ecologySERE
14.3%
Rossini opera 'La Scala di __'SETA
14.3%
Noon service, to ecclesiastics; canonical hourSEXT
14.3%
Mason's wedge; carpenter's levelerSHIM
14.3%
Southeast Asia ethnic group; Thai languageSHAN
14.3%
Dotted, in heraldrySEME
10.7%
Esau's land; biblical rangeSEIR
7.7%
French city on the Yonne River; city of the HuguenotsSENS
7.1%
Sonoran IndianSERI
7.1%
Bandleader FieldsSHEP
7.1%
Blackfin snapperSESI
3.8%
Tartan pattern SETT
3.6%
Catch on a gunlockSEAR
3.6%
French seaportSETE
0%
Remove Ads.
Support Sporcle.
Get the best of Sporcle when you Go Orange. This ad-free experience offers more features, more stats, and more fun while also helping to support Sporcle. Thank you for becoming a member.

You're not logged in!

Compare scores with friends on all Sporcle quizzes.
OR
Log In

Show Comments

Extras

Created Jan 15, 2015ReportNominate
Tags:Crossword Quiz, Puzzle Quiz

Top Quizzes Today


Score Distribution

Your Account Isn't Verified!

In order to create a playlist on Sporcle, you need to verify the email address you used during registration. Go to your Sporcle Settings to finish the process.

Report this User

Report this user for behavior that violates our Community Guidelines.

Details: